000 00497nam a2200181Ia 4500
008 090124s9999 xx 000 0 und d
082 _b35114
100 _aपै शिरीष
245 _a रानपाखरे
250 _a1
260 _bमनोरमा प्रकाशन
_c1998
300 _a200
600 _aपै शिरीष
630 _a रानपाखरे
700 _aपै शिरीष
730 _a रानपाखरे
942 _cBOOK
999 _c101054
_d101054